000 00605nam a22001817a 4500
999 _c143222
_d143222
005 20230413101859.0
010 _aENG-119617
020 _a9789386288240
_c600.00
035 _aEN-103149
037 _bDBAD/PUB
082 _a352.63092
100 _aGhosh, Samir Kumar
245 _aThose were the days, my friend :
_cBy Samir Kumar Ghosh
_bReminiscences of a civil servant/
260 _aNew Delhi
_bKW Publishers
_c2017
270 _a4672/21, First Floor, Ansari Road, Darya Ganj
_bNew Delhi
_e110002
300 _axxix,125p. :
_c23cm (pbk)
_bill.
942 _2ddc
_cEN
_h352.63092
_mGHO